Information technology outsourcing in the banking industry, risk and risk mitigations

Saved in:
Bibliographic Details
Main Author: Schwarz, Oliver, 1969-
Format: Book Chapter
Language:English
Tags: Add Tag
No Tags, Be the first to tag this record!

MARC

LEADER 00000nla$a2200000$$$4500
001 0145281
005 20240502072619.4
041 0 |a eng 
044 |a SK 
245 1 0 |a Information technology outsourcing in the banking industry, risk and risk mitigations  |c Oliver Schwarz 
100 1 |a Schwarz, Oliver, 1969-